Российские нанотехнологии: научный журнал

Bibliographic Details
Corporate Authors: Федеральное агентство по науке и инновациям РФ, ООО "Объединённая редакция"
Summary:2008-2014 печатная подписка, 2015-2017 гг. подписка в электронном виде, с 2022 г. возобновление подписки. Доступ с платформы eLibrary.ru
Журнал "Российские нанотехнологии" публикует статьи междисциплинарного характера по фундаментальным вопросам исследования структуры и свойств наноразмерных объектов и наноматериалов, полимерных и биоорганических молекул, супрамолекулярных и биогибридных комплексов, а также работ, в которых рассмотрены технологии их получения и обработки, практическая реализация изделий, устройств и природоподобных систем на их основе
Language:Russian
Published: Москва, Объединённая редакция, 2006-
Subjects:
Online Access:https://sciencejournals.ru/journal/nano/
https://elibrary.ru/title_about.asp?id=10601
https://link.springer.com/journal/12201
Format: Electronic Book
KOHA link:https://koha.lib.tpu.ru/cgi-bin/koha/opac-detail.pl?biblionumber=406311

MARC

LEADER 00000nam1a2200000 4500
001 406311
005 20250415142301.0
011 |a 1992-7223 
035 |a (RuTPU)RU\TPU\prd\57146 
090 |a 406311 
100 |a 20080423a20069999k||y0rusy50 ca 
101 0 |a rus 
102 |a RU 
110 |a agaz 0uu0 
200 1 |a Российские нанотехнологии  |d Nanobiotechnology Reports  |z eng  |e научный журнал  |f Национальный исследовательский центр "Курчатовский институт" 
210 |a Москва  |c Объединённая редакция  |d 2006- 
300 |a 2008-2014 печатная подписка, 2015-2017 гг. подписка в электронном виде, с 2022 г. возобновление подписки. Доступ с платформы eLibrary.ru 
326 |a Периодичность - 6 номеров в год 
330 |a Журнал "Российские нанотехнологии" публикует статьи междисциплинарного характера по фундаментальным вопросам исследования структуры и свойств наноразмерных объектов и наноматериалов, полимерных и биоорганических молекул, супрамолекулярных и биогибридных комплексов, а также работ, в которых рассмотрены технологии их получения и обработки, практическая реализация изделий, устройств и природоподобных систем на их основе 
606 |a Нанотехнология  |9 70088 
675 |a 620.3  |v 4 
712 0 0 |a Федеральное агентство по науке и инновациям РФ  |9 24550 
712 0 0 |a ООО "Объединённая редакция" 
801 1 |a RU  |b 63413507  |c 20080423  |g PSBO 
801 2 |a RU  |b 63413507  |c 20220516  |g PSBO 
801 2 |a RU  |b 63413507  |c 20250414  |g PSBO 
850 |a 63413507 
856 4 |u https://sciencejournals.ru/journal/nano/  |z https://sciencejournals.ru/journal/nano/ 
856 4 |u https://elibrary.ru/title_about.asp?id=10601  |z https://elibrary.ru/title_about.asp?id=10601 
856 4 |u https://link.springer.com/journal/12201  |z https://link.springer.com/journal/12201 
942 |c CF